MLB Top 5 AL MVP Voting 2020s - Statistics

General Stats
  • This quiz has been taken 266 times
    108 since last reset
  • The average score is 27 of 30
Answer Stats
Year Team Player % Correct
2021: 4 Yankees Aaron Judge
100%
2022: 1 Yankees Aaron Judge
100%
2024: 1 Yankees Aaron Judge
100%
2025: 1 Yankees Aaron Judge
100%
2020: 5 Angels Mike Trout
99%
2020: 2 Indians José Ramírez
98%
2022: 4 Guardians José Ramírez
98%
2024: 5 Guardians José Ramírez
98%
2025: 3 Guardians José Ramírez
98%
2021: 1 Angels Shohei Ohtani
98%
2022: 2 Angels Shohei Ohtani
98%
2023: 1 Angels Shohei Ohtani
98%
2024: 2 Royals Bobby Witt Jr.
95%
2025: 4 Royals Bobby Witt Jr.
95%
2025: 2 Mariners Cal Raleigh
95%
2024: 4 Orioles Gunnar Henderson
95%
2021: 2 Blue Jays Vladimir Guerrero Jr.
95%
2022: 5 Astros Jose Altuve
94%
2025: 5 Tigers Tarik Skubal
91%
2023: 2 Rangers Corey Seager
90%
2020: 1 White Sox José Abreu
90%
2023: 4 Mariners Julio Rodríguez
90%
2022: 3 Astros Yordan Alvarez
86%
2021: 3 Blue Jays Marcus Semien
77%
2023: 3 Rangers Marcus Semien
77%
2021: 5 Astros Carlos Correa
75%
2024: 3 Yankees Juan Soto
72%
2023: 5 Astros Kyle Tucker
69%
2020: 4 Indians Shane Bieber
64%
2020: 3 Yankees DJ LeMahieu
51%
No matching quizzes found
Score Distribution
Percent of People with Each Score
Percentile by Number Answered
Your Score History
You have not taken this quiz since the last reset